Statistiques concernant Pays Qui Sont Plus Grands Que La France

Cliquez ici pour prendre le quiz!

Statistiques générales

  • Ce quiz a été pris 165 fois
  • Le résultat moyen est 31 sur 40

Statistiques - réponses

Superficie du PaysRéponse% Correct
9 833 517 km²États Unis
99%
17 098 246 km²Russie
99%
9 984 670 km²Canada
98%
8 515 767 km²Brésil
96%
2 381 741 km²Algérie
95%
7 692 024 km²Australie
95%
9 600 000 km²Chine
95%
3 287 263 km²Inde
93%
2 780 400 km²Argentine
90%
1 964 375 km²Mexique
90%
1 221 037 km²Afrique du Sud
88%
1 002 000 km²Égypte
85%
2 206 714 km²Arabie Saoudite
84%
2 344 858 km²Congo
83%
1 628 750 km²Iran
83%
756 102 km²Chili
81%
1 141 748 km²Colombie
81%
1 564 116 km²Mongolie
80%
1 267 000 km²Niger
80%
1 910 931 km²Indonesie
78%
1 285 216 km²Pérou
78%
780 004 km²Turquie
77%
2 724 902 km²Kazakhstan
76%
1 240 192 km²Mali
75%
1 676 198 km²Libye
74%
923 768 km²Nigéria
74%
796 095 km²Pakistan
72%
1 284 000 km²Tchad
71%
1 861 484 km²Soudan
70%
1 098 581 km²Bolivie
68%
1 104 300 km²Éthiopie
68%
1 246 700 km²Angola
65%
824 116 km²Namibie
62%
912 050 km²Vénézuela
62%
1 030 700 km²Mauritanie
60%
947 303 km²Tanzanie
60%
2 166 086 km²Danemark
58%
799 380 km²Mozambique
58%
752 612 km²Zambie
46%
676 553 km²Birmanie
37%

Distribution des résultats

Percentile par nombre de réponses

% des personnes avec chaque résultat

Votre développement - résultats

Vous n’avez pas pris ce quiz